|
|
|
|
| LEADER |
00680cam a2200193 7i4500 |
| 001 |
0000050741 |
| 005 |
20160905090000.0 |
| 020 |
|
|
|a 9783319036977 (hbk.)
|
| 090 |
0 |
0 |
|a HD30.2
|b .N67 2014
|
| 100 |
1 |
|
|a North, Klaus
|
| 245 |
1 |
0 |
|a Knowledge management :
|b value creation through organizational learning
|c Klaus North, Gita Kumta.
|
| 260 |
|
|
|a Cham:
|b Springer,
|c 2014.
|
| 300 |
|
|
|a xxv, 326 p.:
|b ill;
|c 24 cm.
|
| 490 |
0 |
|
|a Springer texts in business and economics
|
| 504 |
|
|
|a Includes bibliographical references and index
|
| 650 |
0 |
0 |
|a Knowledge management
|
| 700 |
1 |
|
|a Kumta, Gita
|
| 997 |
|
|
|a Centre for Graduate Studies
|
| 999 |
|
|
|a 0000059306
|b BOK
|c OPEN SHELF
|e 1st Floor, Shah Alam
|